El archivo de Hitler : la historia social de Alemania y los nazis, 1918/1945 /

Shranjeno v:
Bibliografske podrobnosti
Glavni avtor: Grunfeld, Frederic V. (autor)
Drugi avtorji: Becker, Lutz (investigación) (investigación), Trevor-Roper, H.R. (introducción) (introducción)
Format: Knjiga
Jezik:španščina
Izdano: México : Novaro, 1975, c1975
Teme:
Oznake: Označite
Brez oznak, prvi označite!

MARC

LEADER 00000nam^a2200000^a^4500
001 000623904
005 20251103000000.0
009 20260310133946.162
025 |a Donación sin dato, 1 ejemplar 
037 |a Acervo ITESO - Biblioteca 
041 |a ESP 
082 |a 943. 086  |b GRU 
100 |a Grunfeld, Frederic V.  |e (autor) 
245 1 3 |a El archivo de Hitler :  |b la historia social de Alemania y los nazis, 1918/1945 /  |c F.V. Grunfeld ; investigación de L. Becker ; introd. de H.R. Trevor-Roper. 
264 4 |a México :  |b Novaro,  |c 1975, c1975 
300 |a 374 p. 
336 |a texto  |b txt  |2 rdacontenido 
337 |a sin mediación  |b n  |2 rdamedio 
338 |a volumen  |b nc  |2 rdasoporte 
561 |a Ex libris de Fam. Sube Avalos 
649 |a XX 
650 |a Jefes de Estado Alemanes 
650 |a Políticos Alemanes 
650 |a Nazismo -  |z Alemania -  |x Historia -  |x Tema Principal 
650 |a Política -  |z Alemania -  |x Historia -  |y Tercer Reich, 1933-1945 
650 |a Alemania -  |x Historia -  |y Tercer Reich, 1933-1945 -  |x Tema Principal 
650 |a Alemania -  |x Historia -  |y Siglo XX 
650 |a Hitler, Adolf -  |x Tema Principal 
700 |a Becker, Lutz  |e (investigación) 
700 |a Trevor-Roper, H.R.  |e (introducción) 
910 |a Fondo General 
920 |a Impresos - Libros 
930 |a Colección General 
905 |a 101 
901 |a 623904-10  |b IT1  |c ACC  |i D  |u 20251103 
902 |a https://opac.biblio.iteso.mx/vufind/Record/000623904